First record of Glossophaga commissarisi (<Chiroptera: Phyllostomidae>) from South America (Registro nro. 11605)

Detalles MARC
000 -CABECERA
Campo de control 005730000a22001810004500
090 ## - CLASIFICACIÓN LOCAL
Colección AR
Consecutivo 02541
041 0# - IDIOMA
Código de idioma para texto/pista de sonido o título separado
100 1# - ASIENTO PRINCIPAL--NOMBRE PERSONAL
Nombre personal Webster, David
245 10 - MENCION DE TITULO
Título First record of Glossophaga commissarisi (<Chiroptera: Phyllostomidae>) from South America
650 14 - ASIENTO SECUNDARIO DE MATERIA - TERMINO TEMATICO
Término temático o nombre geográfico como elemento de entrada Murciélagos
650 14 - ASIENTO SECUNDARIO DE MATERIA - TERMINO TEMATICO
Término temático o nombre geográfico como elemento de entrada Nuevos registros
650 14 - ASIENTO SECUNDARIO DE MATERIA - TERMINO TEMATICO
Término temático o nombre geográfico como elemento de entrada Distribución
651 #4 - ASIENTO SECUNDARIO DE MATERIA - NOMBRE GEOGRAFICO
-- Panamá
653 ## - TERMINO DE INDIZACION - NO CONTROLADO
-- Glossophaga
-- Glossophaga commissarisi
700 1# - ASIENTO SECUNDARIO - NOMBRE PERSONAL
Nombre personal Jones, J. Knox
773 1# - Item fuente:
Título Journal of Mammalogy
Especificación de materiales 106
Descripción física 1
Paginas del Articulo 150-150
Lugar, editorial y fecha de publicación 1983
Información sobre la relación 64
942 ## - ELEMENTOS ADICIONALES (KOHA)
Tipo de ítem Artículo
Existencias
Withdrawn status Lost status Damaged status No para préstamo Colección Ubicación Permanente Ubicación actual Fecha de adquisición Fuente de Valor Datos de publicación Seriada Total Checkouts Número topográfico Inventario / Código de Barras Date last seen Ejemplar Price effective from Forma de adquisición Tipo de material
      No para Préstamo Hemeroteca Bogotá Bogotá 27/02/2015 Sánchez, Enrique Fuera de circulación   AR 02541 012956 25/03/2015 1 25/03/2015   Artículo